Catálogo
 En Linea

Comunicación política para líderes del siglo XXI : (Registro nro. 46008)

Detalles MARC
000 -CABECERA
campo de control de longitud fija 00646nam a2200181 a 4500
001 - NÚMERO DE CONTROL
campo de control 000046519
005 - FECHA Y HORA DE LA ÚLTIMA TRANSACCIÓN
campo de control 20240226142544.0
008 - DATOS DE LONGITUD FIJA--INFORMACIÓN GENERAL
campo de control de longitud fija 150821s2015 dr 000 0 spa d
020 ## - NÚMERO INTERNACIONAL ESTÁNDAR DEL LIBRO
Número Internacional Estándar del Libro 9789945589818
040 ## - FUENTE DE LA CATALOGACIÓN
Centro catalogador/agencia de origen DO-SdBNP
Lengua de catalogación spa
Centro/agencia transcriptor BNPHU
082 ## - NÚMERO DE LA CLASIFICACIÓN DECIMAL DEWEY
Número de clasificación xxxxxxxxx
Número de documento/Ítem xxxxxxxxx
100 1# - ENTRADA PRINCIPAL--NOMBRE DE PERSONA
Nombre de persona Ávila, Lucivel
9 (RLIN) 74506
245 10 - MENCIÓN DE TÍTULO
Título Comunicación política para líderes del siglo XXI :
Resto del título manual básico /
Mención de responsabilidad, etc. Lucivel Ávila ; prólogo José Miguel Soto Jiménez.
260 ## - PUBLICACIÓN, DISTRIBUCIÓN, ETC.
Lugar de publicación, distribución, etc. Santo Domingo :
Nombre del editor, distribuidor, etc. Santuario,
Fecha de publicación, distribución, etc. 2015.
300 ## - DESCRIPCIÓN FÍSICA
Extensión 201 p. :
Otras características físicas il., ;
Dimensiones 23 cm.
504 ## - NOTA DE BIBLIOGRAFÍA, ETC.
Nota de bibliografía, etc. Bibliografías p. 171-180
700 1# - PUNTO DE ACCESO ADICIONAL--NOMBRE DE PERSONA
Nombre de persona Soto Jiménez, José Miguel,
Fechas asociadas al nombre 1956-
Término indicativo de función/relación pról.
9 (RLIN) 11668
Existencias
Estado de retiro Estado de pérdida Restricciones de uso No para préstamo Código de colección Localización permanente Ubicación/localización actual Ubicación en estantería Fecha de adquisición Número de inventario Total de préstamos Signatura topográfica completa Código de barras Fecha visto por última vez Número de copia Precio válido a partir de Tipo de ítem Koha
        Dominicana de Servicio General General Depósito 21.08.2015 LF1   xxxxxxxxx xxxxxxxxx 46519-30 25.06.2020 e. 3 25.06.2020 Libro y Folleto Colección Dominicana de Servicio
      Excluido de préstamo Patrimonio Dominicano Patrimonio Dominicano Patrimonio Dominicano Depósito 21.08.2015 LF1   xxxxxxxxx xxxxxxxxx 46519-10 25.06.2020   25.06.2020 Libro y Folleto Colección Patrimonio Dominicano
      Excluido de préstamo Patrimonio Dominicano Patrimonio Dominicano Patrimonio Dominicano Depósito 21.08.2015 LF1   xxxxxxxxx xxxxxxxxx 46519-20 25.06.2020 e. 2 25.06.2020 Libro y Folleto Colección Patrimonio Dominicano

Con tecnología Koha